zpět

Detail výsledku týmu

Bowling pub, Vyškov

Datum a čas kvízu

17.5 Celkem bodů Celkový počet nahraných bodů na tomto kvízu bez doplňovacích otázek.
8. Pořadí na kvízu Konečné umístění týmu na tomto kvízu.

Zaznamenané odpovědi

# Otázka Odpověď Body Výsledky
1. Úřad jednoho města v okrese Pr... 0
2. Bývalý ukrajinský prezident by... 0
3. Minulou středu byla ve Valašsk... 0
4. Pouze dva obžalovaní stanuli v... 1
5. Jak se jmenuje česká biatlonis... 1
22. Přiřaďte k sobě rodová a druho... 0
23. Od želv se můžeme dostat ke Ga... 0
24. Jak se nazývá tento živočich?... 1
25. Kteří dva herci ztvárnili dvě... 0
10. Tato žena je spojena se snahou... 0